The Artist's Guide to Human Anatomy : (Record no. 583299)

MARC details
000 -LEADER
fixed length control field 00482nam a2200193 a 4500
008 - FIXED-LENGTH DATA ELEMENTS--GENERAL INFORMATION
fixed length control field 250820s2004##################000#0#eng##
020 ## - INTERNATIONAL STANDARD BOOK NUMBER
ISBN 9780486436418
082 04 - DEWEY DECIMAL CLASSIFICATION NUMBER
Classification number 743.49
Item number BAM
100 1# - MAIN ENTRY--AUTHOR NAME
Personal name Bammes, Gottfried,
245 10 - TITLE STATEMENT
Title The Artist's Guide to Human Anatomy :
260 ## - PUBLICATION, DISTRIBUTION, ETC. (IMPRINT)
Name of publisher Courier Corporation,
Year of publication 2004.
300 ## - PHYSICAL DESCRIPTION
Number of Pages 148 pages
650 #0 - SUBJECT ADDED ENTRY--TOPICAL TERM
Topical Term Art.
942 ## - ADDED ENTRY ELEMENTS (KOHA)
Koha item type English Books
Holdings
Withdrawn status Lost status Damaged status Not for loan Home library Current library Shelving location Date acquired Full call number Accession Number Price effective from Koha item type
        Anna Centenary Library Anna Centenary Library 6TH FLOOR, B WING 20.08.2025 743.49 BAM 444626 20.08.2025 English Books

Find us on the map